Mosty na Slovensku /

Salvato in:
Dettagli Bibliografici
Autore principale: Josef, Dušan (Autore)
Natura: Libro
Lingua:slovacco
Pubblicazione: Brno : BRNOKONSULT - Dušan JOSEF, 2006
Edizione:1. vydanie
Soggetti:
Tags: Aggiungi Tag
Nessun Tag, puoi essere il primo ad aggiungerne!!

MARC

LEADER 00000nam a22000003a 4500
001 0097401
003 SK-STU
005 20220929100136.1
007 ta
008 220929s ----xo-----e------000-0-----d
020 |a 80-239-7103-4 
040 |a STU  |b slo 
041 0 |a slo 
044 |a xo 
100 1 |a Josef, Dušan  |4 aut 
245 1 0 |a Mosty na Slovensku /  |c aut. Dušan Josef 
250 |a 1. vydanie 
260 |a Brno :  |b BRNOKONSULT - Dušan JOSEF,  |c 2006 
300 |a 64 s. 
650 0 7 |a mosty 
650 0 7 |a Slovensko 
650 0 7 |a pamiatky 
650 0 7 |a inžinierske stavby 
996 |b 284AU09393  |c A* 12717/U  |l AAKNAR  |s A  |a 24  |w 0097401_0001